Click Geographic Features on a World Map #2 - Statistics

General Stats
  • This quiz has been taken 4,995 times
  • The average score is 12 of 20
Answers on the Map
Answers color-coded by a green-red scale on the quiz's map according to % correct below.
 
Answer Stats
Answer % Correct
Sri Lanka
97%
Crete
88%
Caspian Sea
87%
Lake Superior
79%
Baltic Sea
78%
Yucatán Peninsula
77%
Hokkaido
67%
Bering Strait
65%
Newfoundland (island)
60%
Red Sea
58%
Ganges Delta
53%
Java
51%
Gulf of Guinea
44%
Gobi Desert
43%
Falkland Islands
41%
Luzon
40%
Tierra del Fuego
39%
Mount Kilimanjaro
35%
Mojave Desert
29%
Cape York Peninsula
27%
No matching quizzes found
Score Distribution
Percent of People with Each Score
Percentile by Number Answered
Your Score History
You have not taken this quiz